Вып. 9; Современные проблемы гидродинамики и теплообмена в элементах энергетических установок и криогенной технике

Bibliografiske detaljer
Parent link:Современные проблемы гидродинамики и теплообмена в элементах энергетических установок и криогенной технике: межвузовский сборник научных трудов/ Всесоюзный заочный машиностроительный институт (ВЗМИ). Вып. 9.— , 1972-1988
Andre forfattere: Костиков Л. Е. (редактор)
Sprog:russisk
Udgivet: 1980
Fag:
Format: Bog
KOHA link:https://koha.lib.tpu.ru/cgi-bin/koha/opac-detail.pl?biblionumber=330711

MARC

LEADER 00000nam2a2200000 4500
001 330711
005 20231102004303.0
035 |a (RuTPU)RU\TPU\book\356499 
035 |a RU\TPU\book\335642 
035 |a RU\TPU\book\288812 
090 |a 330711 
100 |a 20170410d1980 k y0rusy5003 ca 
101 0 |a rus 
102 |a RU 
105 |a a z 001zy 
200 0 |a Вып. 9 
210 |d 1980 
215 |a 167 с.  |c ил. 
320 |a Библиогр. в конце ст. 
461 1 |0 (RuTPU)RU\TPU\book\270992  |t Современные проблемы гидродинамики и теплообмена в элементах энергетических установок и криогенной технике  |o межвузовский сборник научных трудов  |f Всесоюзный заочный машиностроительный институт (ВЗМИ)  |v Вып. 9  |d 1972-1988 
606 1 |a Энергетические установки  |x Теплообмен  |2 stltpush  |3 (RuTPU)RU\TPU\subj\21300  |9 46318 
606 1 |a Криогенная техника  |x Гидродинамика  |2 stltpush  |3 (RuTPU)RU\TPU\subj\16277  |9 42410 
610 1 |a гидродинамика 
610 1 |a теплообменные аппараты 
610 1 |a энергоустановки 
610 1 |a газы 
610 1 |a жидкости 
610 1 |a течение в каналах 
610 1 |a криогенные жидкости 
610 1 |a кипение 
610 1 |a нестационарный теплообмен 
675 |a 620.9.002.5:53  |z rus  |v 4 
675 |a 621.59:53  |z rus  |v 4 
702 1 |a Костиков  |b Л. Е.  |4 340 
801 1 |a RU  |b 63413507  |c 20150520 
801 2 |a RU  |b 63413507  |c 20170424  |g RCR 
942 |c BK